| 000 | 01208nam a2200241 a 4500 | ||
|---|---|---|---|
| 008 | 060424s1988 ||||||||||||||||| || u | ||
| 020 | _a0871500086 | ||
| 050 | _aQA 303 Swo | ||
| 100 | _aSwokowski, Earl William, 1926- | ||
| 245 | 1 | 0 | _aCalculus with analytic geometry |
| 250 | _a2nd alternate ed. | ||
| 260 |
_aBoston: _bPWS-Kent Pub. Co _c1988 |
||
| 300 | _axiii, 914p.: ill. | ||
| 350 | _a0.00 | ||
| 490 | _aThe Prindle, Weber & Schmidt series in mathematics | ||
| 500 | _aIncludes index. | ||
| 650 | _aGEOMETRY, ANALYTIC | ||
| 650 | 0 | _aCALCULUS | |
| 995 |
_aMAIN LIBRARY OPEN ACCESS _D0.00 _e725495 _FCBU-MAIN LIBRARY (Kitwe) _H3 _I46.95 _jQA 303 Swo _M4 _ULOST _VMar 7, 2013 _y014299 _ZMain Library Open Access Collection |
||
| 995 |
_aMAIN LIBRARY OPEN ACCESS _D0.00 _e725497 _FCBU-MAIN LIBRARY (Kitwe) _H4 _I46.95 _jQA 303 Swo _M2 _ULOST _VMar 7, 2013 _y011830 _ZMain Library Open Access Collection |
||
| 995 |
_aANNEX COLLECTION (Main Library) _D0.00 _e725496 _FCBU-MAIN LIBRARY (Kitwe) _H2 _I46.95 _jQA 303 Swo _M1 _UAVAILABLE _y011829 _ZAnnex Low-Usage Collection |
||
| 995 |
_aBINDERY (DAMAGED) _D0.00 _e725498 _FCBU-MAIN LIBRARY (Kitwe) _H1 _I46.95 _jQA 303 Swo _M3 _UDAMAGED _y011831 _ZMain Library Open Access Collection |
||
| 999 |
_c77998 _d77998 |
||